1st Period Anatolian Beyliks Quiz - Statistics

General Stats
  • This quiz has been taken 7 times
  • The average score is 5 of 11
Answer Stats
Hint Beylik % Correct
Beylik Çaka Beylik
100%
Beylik Saltuklular
75%
Beylik Artuklular
50%
Beylik Çubukoğulları
50%
Beylik Tanribermiş Beylik
50%
Beylik Çobanoğulları
25%
Beylik Danişmendliler
25%
Beylik Dilmaçoğulları
25%
Beylik İnaloğulları
25%
Beylik Mengücekliler
25%
Beylik Ahlatşahlar
0%
No matching quizzes found
Score Distribution
Percent of People with Each Score
Percentile by Number Answered
Your Score History
You have not taken this quiz